| 000 | 00627nam a2200181 a 4500 | ||
|---|---|---|---|
| 001 | 000040845 | ||
| 005 | 20201002034425.0 | ||
| 008 | 130909s2008 pr 000 0 spa d | ||
| 020 | _a9780847711079 | ||
| 040 |
_aDO-SdBNP _bspa _cBNPHU |
||
| 082 |
_axxxx _bxxxx |
||
| 100 | 1 |
_aMorel, Hortensia R. _967267 |
|
| 245 | 1 | 0 |
_aPalabras en las tablas : _bEnsayos de literatura latinoamericana contemporánea / _cHortensia R. Morel. |
| 260 |
_aPuerto Rico, : _bLa editorial, _c2008. |
||
| 300 |
_a317 p. ; _c22 cm. |
||
| 504 | _aIncluye referencias bibliográficas y notas al pie de las páginas | ||
| 504 | _aBibliografías : p. 280-317 | ||
| 999 |
_c40335 _d40335 |
||